5HLuxD.jpg

KING HENRY VIII SENIOR AND PRIMARY SCHOOL LIBRARY OPAC

French for beginners / (Record no. 491)

000 -LEADER
fixed length control field 01446nam a22002657a 4500
005 - DATE AND TIME OF LATEST TRANSACTION
control field 20190816142322.0
008 - FIXED-LENGTH DATA ELEMENTS--GENERAL INFORMATION
fixed length control field 190816b ||||| |||| 00| 0 eng d
020 ## - INTERNATIONAL STANDARD BOOK NUMBER
International Standard Book Number 9780746000540
040 ## - CATALOGING SOURCE
Transcribing agency KH8
082 ## - DEWEY DECIMAL CLASSIFICATION NUMBER
Classification number 448.242 WIL
100 ## - MAIN ENTRY--PERSONAL NAME
Personal name Wilkes, Angela
245 ## - TITLE STATEMENT
Title French for beginners /
Statement of responsibility, etc. Angela Wilkes; illustrated by John Shackell.
260 ## - PUBLICATION, DISTRIBUTION, ETC.
Place of publication, distribution, etc. London :
Name of publisher, distributor, etc. Usborne,
Date of publication, distribution, etc. 2001.
300 ## - PHYSICAL DESCRIPTION
Extent 48 pages :
Other physical details color illustrations ;
Dimensions 25 cm.
440 ## - SERIES STATEMENT/ADDED ENTRY--TITLE
Title Usborne internet-linked.
505 ## - FORMATTED CONTENTS NOTE
Formatted contents note About this book; saying hello; what is your name?; naming things; where do you come from?; more about you; your family; your home; looking for things; what do you like eating?; table talk; your hobbies; telling the time; arranging things; asking where places are; finding your way around; going shopping; shopping and going to a cafe; the months and seasons; colours and numbers; pronunciation guide; grammar; answers to puzzles.
520 ## - SUMMARY, ETC.
Summary, etc. Teaches French vocabulary and grammar for a variety of topics such as food, hobbies and seasons.
650 ## - SUBJECT ADDED ENTRY--TOPICAL TERM
Topical term or geographic name entry element French language
Form subdivision Spoken French
General subdivision Juvenile literature.
650 ## - SUBJECT ADDED ENTRY--TOPICAL TERM
Topical term or geographic name entry element French language
Form subdivision Conversation and phrase books
General subdivision English
Chronological subdivision Juvenile literature.
650 ## - SUBJECT ADDED ENTRY--TOPICAL TERM
Topical term or geographic name entry element French language
Form subdivision Problems, exercises, etc.
General subdivision Juvenile literature.
700 ## - ADDED ENTRY--PERSONAL NAME
Personal name Shackell, John
Relator term Illustrator
700 ## - ADDED ENTRY--PERSONAL NAME
Personal name Priddy, Roger
Relator term Designer
700 ## - ADDED ENTRY--PERSONAL NAME
Personal name Holmes, Françoise
Relator term Language consultant
942 ## - ADDED ENTRY ELEMENTS (KOHA)
Source of classification or shelving scheme
Koha item type Books - Non Ficton
Holdings
Withdrawn status Lost status Source of classification or shelving scheme Damaged status Not for loan Collection code Permanent Location Current Location Shelving location Date acquired Full call number Barcode Date last seen Price effective from Koha item type
          Non-Fiction KH8 Senior School Library KH8 Senior School Library Non Fiction 2019-08-16 448.242 WIL 3KHSL000100126 2019-08-16 2019-08-16 Books - Non Ficton

Powered By KH8 IT Dept